| 000 | 00760cab a2200217 4500 | ||
|---|---|---|---|
| 001 | WB2941-02 | ||
| 008 | 090401t1993 xxu||||| |||| 00| 0 eng d | ||
| 035 | _a(Sirsi) u62592 | ||
| 041 | _aeng | ||
| 245 | _aConstruction workload continues to fall | ||
| 260 | _c1993 | ||
| 350 | _a0 | ||
| 490 |
_aRICS Press Release _v(PR209/93) 28 October 1993 (21) |
||
| 520 | _aChartered surveyors in the construction industry report continuing declines in workload, with few signs of an improvement for 1994 according to the RICS in its latest survey of the construction industry. | ||
| 650 | _aABOUT RICS-RICS MEMBERS | ||
| 650 | _aCONSTRUCTION INDUSTRY | ||
| 650 | _aQS WORKLOAD STATISTICS | ||
| 690 | _aBUILT ENVIRONMENT | ||
| 942 | _n0 | ||
| 948 | _c04/03/1997 | ||
| 999 |
_c38870 _d38870 |
||